Physical and dynamic mechanical properties of silica filled nitrile rubber modified with epoxidised natural rubber (Record no. 50936)

MARC details
000 -LEADER
fixed length control field 00656nam a2200229Ia 4500
100 ## - MAIN ENTRY--AUTHOR NAME
Personal name George K M
245 #0 - TITLE STATEMENT
Title Physical and dynamic mechanical properties of silica filled nitrile rubber modified with epoxidised natural rubber
260 ## - PUBLICATION, DISTRIBUTION, ETC. (IMPRINT)
Name of publisher Kautschuk Gummi Kunststoffe
Year of publication 2006
300 ## - PHYSICAL DESCRIPTION
Number of Pages 544-549
650 ## - SUBJECT ADDED ENTRY--TOPICAL TERM
Topical Term Coupling agent
650 ## - SUBJECT ADDED ENTRY--TOPICAL TERM
Topical Term Epoxidised natural rubber
650 ## - SUBJECT ADDED ENTRY--TOPICAL TERM
Topical Term Nitrile rubber
650 ## - SUBJECT ADDED ENTRY--TOPICAL TERM
Topical Term Reinforcement modifier
650 ## - SUBJECT ADDED ENTRY--TOPICAL TERM
Topical Term Silica
700 ## - ADDED ENTRY--PERSONAL NAME
Personal name George B
700 ## - ADDED ENTRY--PERSONAL NAME
Personal name Joseph S
700 ## - ADDED ENTRY--PERSONAL NAME
Personal name Mathew N M
700 ## - ADDED ENTRY--PERSONAL NAME
Personal name Thomas K T
700 ## - ADDED ENTRY--PERSONAL NAME
Personal name Varkey J K
942 ## - ADDED ENTRY ELEMENTS (KOHA)
Koha item type Bibliography STAF
Holdings
Withdrawn status Lost status Damaged status Not for loan Home library Current library Shelving location Date acquired Serial Enumeration / chronology Koha item type
      Bibliography RRII Library RRII Library Rubber chemistry 20/11/2006 Volume 59, Issue 10 Bibliography STAF